[Event "Toulouse Cup"]
[Site "Toulouse"]
[Date "2013.06.23"]
[Round "3.3"]
[White "Ratsiambahotra, Tahiry"]
[Black "Roques, Pascal"]
[Result "1-0"]
[WhiteElo "1978"]
[BlackElo "1976"]
[PlyCount "81"]
[EventDate "2013.06.23"]
[EventType "team-match"]
[EventRounds "1"]
[EventCountry "FRA"]
[SourceTitle "EXT 2014"]
[Source "ChessBase"]
[SourceDate "2013.11.20"]
[SourceVersion "1"]
[SourceVersionDate "2013.11.20"]
[SourceQuality "1"]

1. c4 Nc6 2. g3 e5 3. Bg2 Nf6 4. a3 a5 5. Nc3 Bc5 6. e3 0-0 7. Nge2 Re8 8. 0-0 Bf8 9. d4 exd4 10. exd4 h6 11. h3 Ne7 12. Nf4 c6 13. d5 d6 14. Re1 Qc7 15. Nh5 Nxh5 16. Qxh5 Bd7 17. Bf4 Ng6 18. Be3 Ne5 19. Qe2 c5 20. f4 Ng6 21. Qf2 f5 22. h4 Ne7 23. Bf3 Kh8 24. Re2 g6 25. h5 Bg7 26. Rae1 Bf6 27. hxg6 Nxg6 28. Qh2 Kg7 29. Qh5 Rh8 30. Bc1 Raf8 31. Kh1 Be8 32. Qh3 Bxc3 33. bxc3 Bd7 34. Bh5 Rf6 35. g4 Qc8 36. Bxg6 Rxg6 37. Qh5 Re8 38. Re7+ Kf8 39. Qxg6 Rxe7 40. Qxh6+ Kg8 41. Rxe7 1-0

[Event "FRA-chT2C 0506"]
[Site "France"]
[Date "2006.04.01"]
[Round "10.8"]
[White "Adda, Olivier"]
[Black "Ratsiambahotra, Tahiry"]
[Result "1-0"]
[WhiteElo "2124"]
[BlackElo "1499"]
[PlyCount "87"]
[EventDate "2005.10.27"]
[EventType "team"]
[EventRounds "11"]
[EventCountry "FRA"]
[SourceTitle "EXT 2006"]
[Source "ChessBase"]
[SourceDate "2005.11.24"]
[SourceVersion "1"]
[SourceVersionDate "2005.11.24"]
[SourceQuality "1"]
[WhiteTeam "Grenoble"]
[WhiteTeamCountry "FRA"]

1. e4 c5 2. Nf3 d6 3. d4 cxd4 4. Nxd4 Nf6 5. Nc3 g6 6. Be3 Bg7 7. f3 0-0 8. Qd2 Nc6 9. Bc4 Nd7 10. h4 Na5 11. Be2 Ne5 12. b3 Bd7 13. h5 Rc8 14. 0-0-0 Nec4 15. Bxc4 Nxc4 16. bxc4 Rxc4 17. hxg6 fxg6 18. Nf5 Rxc3 19. Nxg7 Qa5 20. Bd4 Qa3+ 21. Kb1 Rc4 22. Nf5 Rb4+ 23. Ka1 Bxf5 24. exf5 Rxf5 25. Qe3 Qxe3 26. Bxe3 Rc4 27. Rd3 Rfc5 28. Kb2 b5 29. Rc1 b4 30. Bd2 a5 31. c3 Kf7 32. cxb4 Rxc1 33. Bxc1 axb4 34. Bd2 Rc4 35. Kb3 Rh4 36. Bxb4 h5 37. a4 Ke6 38. a5 Kd7 39. Rc3 Rh1 40. a6 Ra1 41. Ba3 d5 42. a7 d4 43. Rd3 Rb1+ 44. Bb2 1-0